| 000 | 01349cam a22003254a 4500 | ||
|---|---|---|---|
| 999 |
_c128633 _d128633 |
||
| 001 | 11788230 | ||
| 003 | ARRUPE | ||
| 005 | 20181122103011.0 | ||
| 008 | 990914s2000 caua 001 0 eng | ||
| 010 | _a 99067170 | ||
| 020 | _a0764551671 (paperback : alk. paper) | ||
| 040 |
_aDLC _cDLC _dDLC |
||
| 042 | _apcc | ||
| 050 | 0 | 0 | _aGV481.S345 |
| 082 | 0 | 0 |
_a613.7/1 _221 |
| 100 | 1 |
_aSchlosberg, Suzanne. _943599 |
|
| 245 | 1 | 0 |
_aFitness for dummies / _cby Suzanne Schlosberg and Liz Neporent. |
| 250 | _a2nd ed. | ||
| 260 |
_aFoster City, CA : _bIDG Books Worldwide, _cc2000. |
||
| 300 |
_axxiv, 406 p. : _bill. ; _c24 cm. |
||
| 500 | _aIncludes index. | ||
| 650 | 0 |
_aExercise. _943600 |
|
| 650 | 0 |
_aPhysical fitness programs _943601 |
|
| 700 | 1 |
_aNeporent, Liz. _943602 |
|
| 856 | 4 | 2 |
_3Contributor biographical information _uhttp://www.loc.gov/catdir/bios/wiley045/99067170.html |
| 856 | 4 | 2 |
_3Publisher description _uhttp://www.loc.gov/catdir/description/wiley038/99067170.html |
| 856 | 4 | 1 |
_3Table of contents _uhttp://www.loc.gov/catdir/toc/wiley023/99067170.html |
| 906 |
_a7 _bcbc _corignew _d2 _eepcn _f19 _gy-gencatlg |
||
| 942 |
_2lcc _cMONOGRAPH |
||